000 00408nam a2200169Ia 4500
008 230524s9999 xx 000 0 und d
082 _a330
_bHSV
100 _aH P Hsu
245 0 _aSignals and Systems (Schaum's)
250 _a2ND
260 _aNEW DELHI
_bTMH
_c2008
300 _aVII;8.54
500 _aQuantity Number: 3
650 _aElectronics
700 _aR Ranjan (Adapted by)
942 _cBK
999 _c40444
_d40444